| 000 | 00943cam a22002533a 4500 | ||
|---|---|---|---|
| 001 | 10744 | ||
| 003 | PGUSA | ||
| 005 | 20140828083228.0 | ||
| 008 | 040101s2004||||xxu|||||s|||||000 1 eng d | ||
| 040 |
_aPGUSA _beng |
||
| 042 | _adc | ||
| 050 | 4 | _aPS | |
| 100 | 1 |
_aPhelps, Elizabeth Stuart, _d1844-1911 |
|
| 245 | 1 | 0 |
_aMen, Women, and Ghosts _h[electronic resource] / _cElizabeth Stuart Phelps |
| 260 |
_bProject Gutenberg, _c2004 |
||
| 505 | 0 | _aNo news -- The tenth of January -- Night-watches -- The day of my death -- "Little Tommy Tucker" -- One of the elect -- What was the matter? -- In the Gray Goth -- Calico -- Kentucky's ghost. | |
| 506 | _aPublic domain in the USA. | ||
| 516 | _aElectronic text | ||
| 653 | _aUnited States -- Social life and customs -- 19th century -- Fiction | ||
| 653 | _aGhost stories, American | ||
| 830 | 0 |
_aProject Gutenberg _v10744 |
|
| 856 | 4 | 0 | _uhttp://www.gutenberg.org/ebooks/10744 |
| 942 | _cEB | ||
| 999 |
_c239999 _d239999 |
||